| 000 | 01505aam a2200409 a 4500 | ||
|---|---|---|---|
| 001 | 000083066 | ||
| 003 | AR-BaBN | ||
| 005 | 20250619092711.0 | ||
| 007 | ta | ||
| 008 | 050722s1977 ag gr 001 0 spa | ||
| 015 | _aAR-1977 | ||
| 040 |
_aAR-BaBN _bspa _cAR-BaBN _eaacr |
||
| 041 | 1 |
_aspa _heng |
|
| 044 |
_aag _car-c |
||
| 080 | 1 |
_a615.851 _22004 |
|
| 100 | 1 |
_aRuitenbeek, Hendrik Marinus _ecomp. |
|
| 245 | 1 | 0 |
_aMétodos y técnicas en la psicoterapia de grupo / _cselección de Hendrik M. Ruitenbeek. |
| 250 | _a1a ed. | ||
| 260 |
_aBuenos Aires : _bTroquel, _c1977. |
||
| 300 |
_a429 p. ; _c20 cm. |
||
| 490 | 1 | _aBiblioteca el Tema del Hombre / dirigida por Jorge Luis García Venturini. | |
| 500 | _aTítulo original: Group therapy today. Styles, methods and techniques / traducido por Miguel Ehrlich. | ||
| 504 | _aBibliografía: p. 423-424. | ||
| 650 | 4 |
_aPsicologia _9108 |
|
| 650 | 4 | _aMetodos y tecnicas en la psicoterapia de grupo | |
| 700 | 1 |
_aEhrlich, Miguel _etr. |
|
| 700 | 1 |
_aGarcía Venturini, Jorge Luis _edirector de colección |
|
| 830 | 0 | _aTema del Hombre | |
| 930 | 1 |
_lBNA01 _mLIBRO _601076677 _820130508 _f11 _g6283 _s02 _n000 _o000083066 |
|
| 930 | 1 |
_lBNA01 _mLIBRO _600170545 _820110912 _f11 _n000 _o000083066 |
|
| 942 |
_2cdu _cBK |
||
| 956 |
_aGSL _b00 _c20110915 _lBNA01 _h1125 |
||
| 956 |
_aGSL _c20130614 _lBNA01 _h1217 |
||
| 956 |
_aCATAU _b20 _c20170315 _lBNA01 _h1721 |
||
| 956 |
_aMFERNANDEZ _b20 _c20171220 _lBNA01 _h1242 |
||
| 956 |
_aMFERNANDEZ _b20 _c20171220 _lBNA01 _h1245 |
||
| 999 |
_c5999 _d5999 |
||